Rural electrification in Africa / (Record no. 338)

MARC details
000 -LEADER
fixed length control field 01096cam a2200289 a 4500
001 - CONTROL NUMBER
control field 616065
003 - CONTROL NUMBER IDENTIFIER
control field OSt
005 - DATE AND TIME OF LATEST TRANSACTION
control field 20230605114921.0
008 - FIXED-LENGTH DATA ELEMENTS--GENERAL INFORMATION
fixed length control field 920724s1992 enka b 001 0 eng
010 ## - LIBRARY OF CONGRESS CONTROL NUMBER
LC control number 92028908
020 ## - INTERNATIONAL STANDARD BOOK NUMBER
International Standard Book Number 1856491110 (Hb)
020 ## - INTERNATIONAL STANDARD BOOK NUMBER
International Standard Book Number 1856491129 (pbk.)
040 ## - CATALOGING SOURCE
Original cataloging agency DLC
Transcribing agency DLC
Modifying agency DLC
043 ## - GEOGRAPHIC AREA CODE
Geographic area code f------
082 00 - DEWEY DECIMAL CLASSIFICATION NUMBER
Classification number 333.79/32/096
Edition number 20
Item number RAN
245 00 - TITLE STATEMENT
Title Rural electrification in Africa /
Statement of responsibility, etc. A. Mbewe ... [et al.] ; edited and introduced by V. Ranganathan.
260 ## - PUBLICATION, DISTRIBUTION, ETC. (IMPRINT)
Place of publication, distribution, etc. London ;
-- Atlantic Highlands, N.J., USA :
Name of publisher, distributor, etc. Zed Books in association with African Energy Policy Research Network--AFREPREN, Gaborone,
Date of publication, distribution, etc. c1992.
300 ## - PHYSICAL DESCRIPTION
Extent viii, 182 p. :
Other physical details ill. ;
Dimensions 23 cm.
504 ## - BIBLIOGRAPHY, ETC. NOTE
Bibliography, etc Includes bibliographical references and index.
650 #0 - SUBJECT ADDED ENTRY--TOPICAL TERM
Topical term or geographic name as entry element Rural electrification
Geographic subdivision Africa.
700 1# - ADDED ENTRY--PERSONAL NAME
Personal name Mbewe, A.
Fuller form of name (Abel)
700 1# - ADDED ENTRY--PERSONAL NAME
Personal name Ranganathan, V.
710 2# - ADDED ENTRY--CORPORATE NAME
Corporate name or jurisdiction name as entry element African Enery Policy Research Network.
906 ## - LOCAL DATA ELEMENT F, LDF (RLIN)
a 7
b cbc
c orignew
d 1
e ocip
f 19
g y-gencatlg
942 ## - ADDED ENTRY ELEMENTS (KOHA)
Source of classification or shelving scheme Dewey Decimal Classification
Koha item type Books
Holdings
Withdrawn status Lost status Source of classification or shelving scheme Damaged status Not for loan Home library Current library Date acquired Total Checkouts Full call number Barcode Date last seen Price effective from Koha item type
    Dewey Decimal Classification     Bunge Tower Library Bunge Tower Library 06/05/2023   333.79/32/096 RAN 10014761 06/05/2023 06/05/2023 Books
LIBRARY OPENING HOURS

When the Parliament is sitting: 8.00a.m - 7.00p.m or until the house adjourns
Mondays and Fridays and when the House is on Recess:  8.00a.m - 5.00p.m
Closed on Weekends and Public Holidays

Online Public Access Catalog (OPAC)
Website: http://www.parliament.go.ke
Bunge Library: https://libraryir.parliament.go.ke
Contact: library@parliament.go.ke | Tel no: (254-2)2221291 or 2848000 Ext 5043